Normal view MARC view
  • Medical telematics

Entry Topical Term

Number of records used in: 1

001 - CONTROL NUMBER

  • control field: 8977

003 - CONTROL NUMBER IDENTIFIER

  • control field: OSt

005 - DATE AND TIME OF LATEST TRANSACTION

  • control field: 20170727144410.0

008 - FIXED-LENGTH DATA ELEMENTS

  • fixed length control field: 170727|| aca||aabn | a|a d

040 ## - CATALOGING SOURCE

  • Original cataloging agency: OSt
  • Transcribing agency: OSt

150 ## - HEADING--TOPICAL TERM

  • Topical term or geographic name entry element: Medical telematics
  • General subdivision: Law and legislation
  • Geographic subdivision: Malaysia

670 ## - SOURCE DATA FOUND

  • Source citation: Work cat.: (OSt)0: Malaysia 400, Undang-undang Siber Malaysia / Akta Tandatangan Digital 1997 (Akta 562) / Akta Jenayah Komputer 1997 (Akta 563) / Akta Teleperubatan 1997 (Akta 564), 2017
Pusat Sumber Maklumat Dato' Haji Sarmin Md Hussin, Akademi Kastam Diraja Malaysia, Melaka
Tel: 06-2331106 | Faks: 06-2313787